[Event "Jogo de verdade agora"]
[Site "http://www.queenalice.com/game.php?id=498383"]
[Date "2008.11.25"]
[Round "-"]
[White "fernandocqr"]
[Black "epires"]
[Result "1-0"]
[WhiteElo "1521"]
[BlackElo "1415"]

1. Nf3 d5 2. g3 Nc6 3. Bg2 e5 4. O-O Nf6 5. d4 Bd6 6. Nxe5 Be6 7. Nxc6 bxc6 8.
a4 c5 9. a5 Ng4 10. f3 Nh6 11. Bxh6 gxh6 12. a6 h5 13. e3 h4 14. Qe1 h3 15. Bh1
h5 16. f4 Qf6 17. Nc3 O-O-O 18. Nb5 Kd7 19. Nxa7 Ra8 20. Nb5 Rxa6 21. Rxa6 c6
22. Ra7+ Kc8 23. Nxd6+ Kd8 24. Qa5# 1-0

[Event "Challenge"]
[Site "http://www.queenalice.com/game.php?id=503855"]
[Date "2008.12.6"]
[Round "-"]
[White "fernandocqr"]
[Black "Matrix"]
[Result "0-1"]
[WhiteElo "1602"]
[BlackElo "1731"]

1. d4 d5 2. Nc3 e6 3. a4 c5 4. e3 a6 5. b3 Nf6 6. Ba3 Nbd7 7. dxc5 Be7 8. Nf3
O-O 9. g3 b6 10. cxb6 Bxa3 11. Rxa3 Qxb6 12. a5 Qb4 13. Qa1 Ne4 14. Ra4 Qxc3+
15. Qxc3 Nxc3 16. Rg4 Bb7 17. h4 Nf6 18. Rd4 Rab8 19. h5 h6 0-1

[Event "Challenge"]
[Site "http://www.queenalice.com/game.php?id=503882"]
[Date "2008.12.6"]
[Round "-"]
[White "fernandocqr"]
[Black "jumping"]
[Result "1-0"]
[WhiteElo "1625"]
[BlackElo "1741"]

1. d4 d5 2. g3 Nc6 3. Nf3 Bg4 4. h4 Bxf3 5. exf3 e5 6. dxe5 Nxe5 7. Qe2 Qe7 8.
Bg5 Nf6 9. Nc3 Qe6 10. Bg2 Bb4 11. a3 Bxc3+ 12. bxc3 O-O-O 13. Bh3 Nxf3+ 14. Kf1
Ng4 15. Bxd8 Kxd8 16. Qxf3 Qa6+ 17. Kg2 Ne5 18. Qxd5+ Qd6 19. Rad1 Ke7 20. Rhe1
Kf6 21. f4 Ng6 22. Qxd6+ cxd6 23. Rxd6# 1-0

[Event "Challenge"]
[Site "http://www.queenalice.com/game.php?id=503883"]
[Date "2008.12.6"]
[Round "-"]
[White "fernandocqr"]
[Black "SGF"]
[Result "0-1"]
[WhiteElo "1661"]
[BlackElo "1547"]

1. d4 e6 2. e4 Qh4 3. g3 Qxe4+ 4. Ne2 Qxh1 5. h4 c5 6. dxc5 Bxc5 7. Nf4 b6 8.
Ng2 Bb7 9. f3 Qg1 10. Qe2 Ba6 11. c4 d5 12. Be3 Bxe3 13. Nxe3 Qxg3+ 0-1

[Event "Challenge"]
[Site "http://www.queenalice.com/game.php?id=503891"]
[Date "2008.12.6"]
[Round "-"]
[White "fernandocqr"]
[Black "juim"]
[Result "0-1"]
[WhiteElo "1565"]
[BlackElo "1600"]

1. g3 Nf6 2. h4 e5 3. Nh3 Bc5 4. e3 O-O 5. Bg2 e4 6. O-O Nc6 7. b3 d5 8. Nf4 Bg4
9. Ne2 d4 10. Ba3 Bxa3 11. Nxa3 dxe3 12. dxe3 Nb4 13. f3 exf3 14. Bxf3 Bh3 15.
Bxb7 c6 16. Nc4 Rb8 17. Rf4 Rxb7 18. a3 Qxd1+ 19. Rxd1 Nxc2 20. Rc1 Nd5 21. Nd6
Nxf4 22. Nxf4 Rxb3 23. Rxc2 Bg4 24. Rxc6 Rxe3 25. Rc1 Rxg3+ 26. Ng2 h6 27. Kf2
Rxa3 0-1

[Event "Challenge"]
[Site "http://www.queenalice.com/game.php?id=503905"]
[Date "2008.12.6"]
[Round "-"]
[White "fernandocqr"]
[Black "Erick"]
[Result "1-0"]
[WhiteElo "1571"]
[BlackElo "1592"]

1. h4 e5 2. e4 d5 3. exd5 c6 4. dxc6 Nxc6 5. g3 Qd5 6. Bg2 Qxg2 7. Qf3 Qxf3 8.
Nxf3 Bg4 9. Ng5 h6 10. Ne4 Bf3 11. O-O Bxe4 12. d3 Bd5 13. c4 Be6 14. Re1 Bc5
15. Nc3 1-0

[Event "Challenge"]
[Site "http://www.queenalice.com/game.php?id=503970"]
[Date "2008.12.6"]
[Round "-"]
[White "fernandocqr"]
[Black "Kingfish"]
[Result "0-1"]
[WhiteElo "1576"]
[BlackElo "1859"]

1. d4 d5 2. h4 Nc6 3. g3 e6 4. Nf3 Be7 5. Bg2 Nf6 6. O-O Bd6 7. Nbd2 e5 8. c4 e4
9. Nh2 Be6 10. cxd5 Bxd5 11. b3 Qd7 12. f3 O-O-O 13. a4 Nxd4 14. Nxe4 Nf5 15.
Ng4 Nxe4 16. fxe4 Bc5+ 17. Nf2 Bxe4 18. Bxe4 Qxd1 19. Rxd1 Rxd1+ 20. Kh2 Bxf2
21. Bxf5+ Kb8 22. Bb2 Rd2 23. Ra2 Re8 24. Bg4 Re3 25. Kg2 Bxg3 26. Bd4 Rxd4 0-1

[Event "Challenge"]
[Site "http://www.queenalice.com/game.php?id=504003"]
[Date "2008.12.6"]
[Round "-"]
[White "fernandocqr"]
[Black "jordancavalera"]
[Result "1-0"]
[WhiteElo "1605"]
[BlackElo "1709"]

1. d4 Nf6 2. g3 g6 3. Nf3 Nc6 4. Bg2 d5 5. O-O Bg7 6. a4 O-O 7. Nc3 b6 8. h4 Ba6
9. Bg5 e6 10. Qd2 Qd6 11. Bh6 Qb4 12. Bxg7 Kxg7 13. Rfd1 Qxb2 14. Rdb1 Qxa1 15.
Rxa1 Ne7 16. Ne5 c5 17. dxc5 1-0

[Event "Challenge"]
[Site "http://www.queenalice.com/game.php?id=504005"]
[Date "2008.12.6"]
[Round "-"]
[White "fernandocqr"]
[Black "vulture"]
[Result "0-1"]
[WhiteElo "1620"]
[BlackElo "1567"]

1. d4 d5 2. g3 Bf5 3. e3 Nf6 4. Nf3 e6 5. Bg2 Bd6 6. h4 O-O 7. O-O Nc6 8. a4 Nb4
9. Bd2 Bg4 10. c3 Nd3 11. Qe2 Nxb2 12. Ra2 Nc4 13. Qe1 c6 14. Ne5 Nxe5 15. dxe5
Bxe5 16. a5 b6 17. axb6 Qxb6 18. f3 Bf5 19. Rb2 Qxb2 0-1

[Event "Challenge"]
[Site "http://www.queenalice.com/game.php?id=504007"]
[Date "2008.12.6"]
[Round "-"]
[White "fernandocqr"]
[Black "Hebert29"]
[Result "1-0"]
[WhiteElo "1562"]
[BlackElo "1505"]

1. d4 g6 2. e4 Bg7 3. e5 d6 4. exd6 Qxd6 5. d5 Nf6 6. Nc3 O-O 7. h4 a5 8. Bg5
Ra6 9. Bxa6 Nxa6 10. Bxf6 exf6 11. Nge2 Re8 12. O-O Qe5 13. g3 Qh5 14. Re1 Qf3
15. Nd4 Qxd1 16. Raxd1 Rxe1+ 17. Rxe1 Kf8 18. Ndb5 Bf5 19. d6 cxd6 20. Nxd6 Bxc2
21. Re8# 1-0

[Event "Challenge: Brasil vs. México"]
[Site "http://www.queenalice.com/game.php?id=506169"]
[Date "2008.12.11"]
[Round "-"]
[White "fernandocqr"]
[Black "Sin_personalidad"]
[Result "0-1"]
[WhiteElo "1633"]
[BlackElo "1711"]

1. d4 d5 2. Nf3 c6 3. e3 e6 4. Ne5 Bd6 5. Qf3 Nf6 6. a4 Nbd7 7. Qf4 Qc7 8. h4
Nxe5 9. dxe5 Bxe5 10. Qf3 Bd7 11. g3 a5 12. Nd2 O-O 13. Nb3 b6 0-1

[Event "Challenge: Brazil vs. France"]
[Site "http://www.queenalice.com/game.php?id=506184"]
[Date "2008.12.11"]
[Round "-"]
[White "fernandocqr"]
[Black "clovis"]
[Result "0-1"]
[WhiteElo "1663"]
[BlackElo "2014"]

1. d4 d5 2. e3 Nf6 3. Nc3 Bf5 4. Nf3 e6 5. a4 Nbd7 6. h4 Bb4 7. Bd2 O-O 8. g3
Qe7 9. Bg2 e5 10. dxe5 Nxe5 11. O-O Bg4 0-1

[Event "Challenge"]
[Site "http://www.queenalice.com/game.php?id=506186"]
[Date "2008.12.11"]
[Round "-"]
[White "fernandocqr"]
[Black "bobifixer"]
[Result "0-1"]
[WhiteElo "1661"]
[BlackElo "1717"]

1. d4 Nf6 2. e3 d5 3. Nc3 g6 4. h4 Bg7 5. Nf3 Bg4 6. Bb5+ c6 7. Ba4 Qd6 8. a3
Nbd7 9. g3 e5 10. Bd2 e4 11. Nxe4 dxe4 12. Bb4 Qc7 13. Rg1 Bxf3 0-1

[Event "Challenge"]
[Site "http://www.queenalice.com/game.php?id=506187"]
[Date "2008.12.11"]
[Round "-"]
[White "fernandocqr"]
[Black "BboyH"]
[Result "0-1"]
[WhiteElo "1640"]
[BlackElo "1810"]

1. d4 g6 2. e4 Bg7 3. e5 d6 4. Nf3 Bf5 5. Bc4 e6 6. Ng5 d5 7. Bd3 Bxd3 8. Qxd3
h6 9. Nf3 Ne7 10. Nc3 O-O 11. Be3 Nbc6 12. Qd2 Nf5 13. g4 Nh4 14. Qe2 Ng2+ 15.
Kf1 Nxe3+ 16. Qxe3 Nb4 17. Rc1 b6 18. a3 Na6 19. h4 f5 20. exf6 Qxf6 21. Ne5
Rad8 22. g5 Qf5 23. gxh6 Bxh6 24. Qf3 Bxc1 25. Qxf5 Rxf5 26. Ne2 Bxb2 27. Nxg6
Kg7 28. Nef4 Kf6 29. Rg1 Bxd4 30. h5 Be5 31. Rg4 Bxf4 32. Nxf4 Rxf4 33. Rxf4+
Kg5 34. Ra4 Nc5 35. Rxa7 Rd7 36. a4 Kxh5 37. a5 bxa5 38. Rxa5 Ne4 39. Ra3 Kh4
40. Kg2 c5 0-1